| 000 | 00959cam a22002652 4500 | ||
|---|---|---|---|
| 001 | 0000021388 | ||
| 005 | 20151217145935.0 | ||
| 008 | 120420s xx 000 0 eng d | ||
| 020 | _a1847037459 : | ||
| 040 |
_aKABU _cKABU |
||
| 100 | 1 |
_aBowstead, William. _@0000182215 |
|
| 245 | 1 | 0 |
_aBowstead and Reynolds on agency / _cWilliam Bowsted. |
| 250 |
_a19th ed. / _bPeter Watts and F. M. B. Reynolds. |
||
| 260 |
_aLondon : _bSweet & Maxwell, _c2010. |
||
| 300 | _aclviii, 785 p. | ||
| 650 | 0 |
_aAgency (law) _vEngland. _@0000182216 |
|
| 700 | 1 |
_aWatts, Peter. _@0000182217 |
|
| 700 | 1 |
_aReynolds, F. M. B. _@0000182218 |
|
| 852 | 1 | _9p 46,015.20 KES | |
| 852 | 1 | _9p 46,015.20 KES | |
| 852 | 1 | _9p 46,015.20 KES | |
| 852 | 1 | _9p 46,015.20 KES | |
| 908 | _a120420 | ||
| 950 | _@1 | ||
| 999 |
_c4296 _d4296 |
||